| Поле | Название | Значение |
| |
Тип записи |
a |
| |
Библиографический уровень |
m |
| 001 |
Контрольный номер |
RU/IS/BASE/307036653 |
| 005 |
Дата корректировки |
20201206204655.8 |
| 010 |
Индекс ISBN |
__ |
| a |
ISBN |
978-5-9718-0339-3 |
| d |
Цена |
481-58 |
| 101 |
Язык документа |
0_ |
| a |
Язык текста |
rus |
| 200 |
Заглавие и сведения об ответственности |
1_ |
| a |
Заглавие |
Медицинское обеспечение детского и юношеского спорта |
| e |
Сведения, относящиеся к заглавию |
крат. клинико-фарм. справ. |
| f |
Первые сведения об ответственности |
Г. А. Макарова, Л. А. Никулин, В. А. Шашель |
| b |
Общее обозначение материала |
Текст |
| 210 |
Выходные данные |
__ |
| a |
Место издания |
М. |
| c |
Издательство |
Совет. спорт |
| d |
Дата издания |
2009 |
| 215 |
Физическое описание |
__ |
| a |
Объем |
272 с. |
| 330 |
Аннотация |
__ |
| a |
Аннотация |
Кратко представлены современные принципы фармакологического лечения наиболее часто встречающихся в практике детского спортивного врача заболеваний и неотложных состояний, приведены основные принципы коммуникации, рассмотрены побочные действия отдельных групп лекарственных средств. |
| 606 |
Тематические рубрики |
__ |
| a |
Основная рубрика |
Здравоохранение. Медицинские науки |
| 606 |
Тематические рубрики |
__ |
| a |
Основная рубрика |
Фармакология |
| 606 |
Тематические рубрики |
__ |
| a |
Основная рубрика |
Физическая культура и спорт |
| 606 |
Тематические рубрики |
__ |
| a |
Основная рубрика |
Медико-биологические основы физического воспитания |
| 610 |
Ключевые слова |
__ |
| a |
Ключевые слова |
детские лекарства; иммуномодуляторы; витамины; детские заболевания; внезапные заболевания; неотложные состояния; вакцинация детей; фармакологические препараты |
| 686 |
Индексы других классификаций |
__ |
| a |
Классификационный индекс |
52.817я22 |
| 686 |
Индексы других классификаций |
__ |
| a |
Классификационный индекс |
75.09я22 |
| 700 |
Автор |
_1 |
| a |
Фамилия |
Макарова |
| b |
Имя |
Г. А. |
| 4 |
Код отношения |
070 |
| 701 |
Альтернативная интеллектуальная ответственность |
_1 |
| a |
Фамилия |
Никулин |
| b |
Имя |
Л. А. |
| 4 |
Код отношения |
070 |
| 701 |
Альтернативная интеллектуальная ответственность |
_1 |
| a |
Фамилия |
Шашель |
| b |
Имя |
В. А. |
| 4 |
Код отношения |
070 |
| 801 |
Источник записи |
_0 |
| a |
Страна |
RU |
| b |
Организация |
Муниципальное бюджетное учреждение культуры "Централизованная библиотечная система" г. Сургут (Центральная городская библиотека им. А. С. Пушкина) |
| g |
Правила каталогизации |
КиК/Елгина |
| 801 |
Источник записи |
_1 |
| a |
Страна |
RU |
| b |
Организация |
Муниципальное бюджетное учреждение культуры "Централизованная библиотечная система" г. Сургут (Центральная городская библиотека им. А. С. Пушкина) |
| g |
Правила каталогизации |
КиК/Елгина |
| 852 |
Данные о местонахождении |
__ |
| j |
Шифр хранения |
52.817я22 |
| c |
Каталожный индекс |
52.81я2; 75.0я2 |
| i |
Авторский знак |
М 15 |
| 901 |
Тип документа |
__ |
| t |
Тип документа |
m |
| 903 |
Характеристики (МАРС) |
__ |
| a |
Дата передачи |
20091005 |
| 990 |
Данные о заказе (DOS) |
__ |
| j |
Количество экземпляров (DOS) |
2 |
| t |
N записи в КСУ для И/У (DOS) |
200910 |